| 000 | 01201nab a22002657a 4500 | ||
|---|---|---|---|
| 999 |
_c5312 _d5312 |
||
| 003 | OSt | ||
| 005 | 20250218120633.0 | ||
| 008 | 190603e xxum|||| |||| 00| 0 spa d | ||
| 040 | _cPJ-TDF | ||
| 100 |
_96363 _aNicolau, Noemí Lidia |
||
| 245 | 1 | 3 |
_aEl consentimiento del paciente para actos médicos / _cNoemí Lidia Nicolau. |
| 260 |
_cCiudad Autónoma de Buenos Aires : _aThomson Reuters La Ley, _b2024. |
||
| 300 | _ap. 7 | ||
| 500 | _aCita: TR LALEY AR/DOC/1980/2024. Publicado en: R.C.C. y C. 2024 (Septiembre-Octubre). EDICIÓN ESPECIAL: XXIX Jornadas Nacionales de Derecho Civil. | ||
| 505 | _t¿Te interesa el texto completo? Solicitalo al correo: koha@justierradelfuego.gov.ar | ||
| 650 | 0 |
_9967 _aDERECHO DE FAMILIA |
|
| 650 | 0 |
_92741 _aDERECHOS DE LAS NIÑAS, NIÑOS Y ADOLESCENTES |
|
| 650 | 0 |
_91253 _aDERECHO A LA SALUD |
|
| 650 | 0 |
_91270 _aDERECHOS DEL PACIENTE |
|
| 650 | 0 |
_94273 _aCONSENTIMIENTO INFORMADO |
|
| 650 | 0 |
_93713 _aRESPONSABILIDAD MÉDICA |
|
| 650 | 0 |
_93951 _aDEBER DE INFORMACIÓN |
|
| 773 | 0 |
_02713 _93170 _dCiudad Autónoma de Buenos Aires : Thomson Reuters La Ley, 2015- _tRevista Código Civil y Comercial. Nº 5 - Septiembre-Octubre 2024 |
|
| 942 |
_2udc _cANA |
||